[Event "GER-chT Christmas U20"]
[Site "Playchess.com INT"]
[Date "2020.12.29"]
[Round "2.2"]
[White "Haenselmann, Hendrik"]
[Black "Pixa, Karl"]
[Result "1-0"]
[WhiteElo "1828"]
[BlackElo "1582"]
[PlyCount "73"]
[EventDate "2020.12.29"]
[EventType "team-swiss (blitz)"]
[EventRounds "7"]
[EventCountry "GER"]
[SourceTitle "CBM 200 Extra"]
[Source "ChessBase"]
[SourceDate "2021.03.31"]
[SourceVersion "1"]
[SourceVersionDate "2021.03.31"]
[SourceQuality "1"]
[WhiteTeam "Karlsruhe II"]
[BlackTeam "Dresden Striesen"]
[WhiteTeamCountry "GER"]
[BlackTeamCountry "GER"]

1. e4 c5 2. Nc3 d6 3. Bb5+ Bd7 4. Bxd7+ Qxd7 5. d4 cxd4 6. Qxd4 Nf6 7. Nf3 e6 8. Bg5 Be7 9. 0-0-0 Nc6 10. Qd3 0-0-0 11. Rhe1 Kb8 12. Bxf6 Bxf6 13. e5 Be7 14. exd6 Qxd6 15. Qe3 Qb4 16. a3 Qa5 17. Ne4 e5 18. Neg5 f6 19. Nf7 Rxd1+ 20. Rxd1 Rc8 21. Nd6 Bxd6 22. Rxd6 Nd4 23. Nxd4 exd4 24. Rxd4 Qc5 25. Qd2 Qc7 26. g3 Qc6 27. h4 Qh1+ 28. Qd1 Qc6 29. Rd7 g6 30. Rxh7 Qe6 31. Kb1 Qf5 32. Qd6+ Ka8 33. Qd2 g5 34. Rf7 gxh4 35. gxh4 Qe6 36. Qd7 Qe1+ 37. Ka2 1-0

[Event "GER-chT Christmas U20"]
[Site "Playchess.com INT"]
[Date "2020.12.29"]
[Round "4.2"]
[White "Mueller, Fabian"]
[Black "Pixa, Karl"]
[Result "0-1"]
[WhiteElo "964"]
[BlackElo "1582"]
[PlyCount "54"]
[EventDate "2020.12.29"]
[EventType "team-swiss (blitz)"]
[EventRounds "7"]
[EventCountry "GER"]
[SourceTitle "CBM 200 Extra"]
[Source "ChessBase"]
[SourceDate "2021.03.31"]
[SourceVersion "1"]
[SourceVersionDate "2021.03.31"]
[SourceQuality "1"]
[WhiteTeam "Aschheim/Feldkirchen/Kirchheim II"]
[BlackTeam "Dresden Striesen"]
[WhiteTeamCountry "GER"]
[BlackTeamCountry "GER"]

1. d4 d5 2. Bf4 e6 3. Nf3 Nf6 4. e3 Bd6 5. Bg3 c5 6. c3 Qc7 7. Bd3 Nbd7 8. Qa4 0-0 9. Nbd2 a6 10. Qb3 c4 11. Bxd6 Qxd6 12. Nxc4 dxc4 13. Qxc4 b5 14. Qb3 Bb7 15. Be2 e5 16. h3 Bxf3 17. Bxf3 e4 18. Be2 Rac8 19. 0-0 Nb6 20. Rfd1 Nc4 21. a4 Qb6 22. Qc2 bxa4 23. Rxa4 Qxb2 24. Qc1 Qxc1 25. Rxc1 Nb2 26. Rxa6 Nd3 27. c4 Nxc1 0-1

[Event "GER-chT Christmas U20"]
[Site "Playchess.com INT"]
[Date "2020.12.29"]
[Round "1.2"]
[White "Pixa, Karl"]
[Black "Ciolacu, Alessia Mihaela"]
[Result "0-1"]
[WhiteElo "1582"]
[BlackElo "2052"]
[PlyCount "90"]
[EventDate "2020.12.29"]
[EventType "team-swiss (blitz)"]
[EventRounds "7"]
[EventCountry "GER"]
[SourceTitle "CBM 200 Extra"]
[Source "ChessBase"]
[SourceDate "2021.03.31"]
[SourceVersion "1"]
[SourceVersionDate "2021.03.31"]
[SourceQuality "1"]
[WhiteTeam "Dresden Striesen"]
[BlackTeam "Hemer"]
[WhiteTeamCountry "GER"]
[BlackTeamCountry "GER"]

1. d4 Nf6 2. c4 e6 3. Nc3 d5 4. Bg5 a6 5. e3 Be7 6. Nf3 0-0 7. cxd5 exd5 8. Bd3 Be6 9. 0-0 Nbd7 10. Qc2 h6 11. Bh4 c5 12. a4 Rc8 13. Rac1 Re8 14. Rfe1 c4 15. Bf5 Nf8 16. Ne5 Bxf5 17. Qxf5 g6 18. Qh3 Kg7 19. f4 N8h7 20. g4 Ne4 21. Bxe7 Rxe7 22. Nxe4 dxe4 23. Rxc4 f6 24. Rxc8 Qxc8 25. Nxg6 Kxg6 26. Qh5+ Kg7 27. Kh1 Qc2 28. f5 Nf8 29. h4 Qf2 30. Rg1 Qf3+ 31. Kh2 Rc7 32. Rg2 Qxe3 33. g5 Qf4+ 34. Kh3 Qf3+ 35. Qxf3 exf3 36. gxf6+ Kxf6 37. Rg3 f2 38. Rf3 Rc2 39. Kg2 Rxb2 40. Rxf2 Rxf2+ 41. Kxf2 Kxf5 42. Kf3 Nd7 43. Ke3 Nf6 44. Kf3 Nd5 45. Kg3 h5 0-1

[Event "GER-ch U12"]
[Site "Willingen"]
[Date "2017.06.05"]
[Round "4"]
[White "Grabbel, Torben Frederik"]
[Black "Pixa, Karl"]
[Result "0-1"]
[WhiteElo "1405"]
[BlackElo "1496"]
[PlyCount "96"]
[EventDate "2017.06.04"]
[EventType "swiss"]
[EventRounds "11"]
[EventCountry "GER"]
[SourceTitle "CBM 178 Extra"]
[Source "ChessBase"]
[SourceDate "2017.06.22"]
[SourceVersion "1"]
[SourceVersionDate "2017.06.22"]
[SourceQuality "1"]

1. d4 d5 2. c4 e6 3. Nc3 Nf6 4. Bg5 Nbd7 5. Nf3 c6 6. e3 Qa5 7. a3 Ne4 8. b4 Bxb4 9. axb4 Qxb4 10. Rc1 Nxc3 11. Qd2 Na2 12. Qxb4 Nxb4 13. Rb1 a5 14. c5 a4 15. Rxb4 a3 16. Rb1 f6 17. Bf4 e5 18. Bg3 h5 19. h4 b5 20. Nd2 b4 21. Rxb4 a2 22. Nb3 a1Q+ 23. Nxa1 Rxa1+ 24. Ke2 Ba6+ 25. Kf3 Rxf1 26. Rxf1 Bxf1 27. dxe5 Bb5 28. exf6 Nxf6 29. Be5 Rf8 30. Bxf6 Rxf6+ 31. Rf4 Rxf4+ 32. Kxf4 Kf7 33. Kg5 g6 34. g4 hxg4 35. Kxg4 Kf6 36. f4 Be2+ 37. Kg3 Kf5 38. Kf2 Bh5 39. Kg3 Ke4 40. Kf2 Kd3 41. Kf1 Kxe3 42. Kg2 d4 43. Kf1 d3 44. Kg2 d2 45. f5 d1Q 46. f6 Qf3+ 47. Kg1 Qf2+ 48. Kh1 Bf3# 0-1

[Event "GER-ch U12"]
[Site "Willingen"]
[Date "2017.06.05"]
[Round "3"]
[White "Pixa, Karl"]
[Black "Frank, Marek"]
[Result "0-1"]
[WhiteElo "1496"]
[BlackElo "1639"]
[PlyCount "82"]
[EventDate "2017.06.04"]
[EventType "swiss"]
[EventRounds "11"]
[EventCountry "GER"]
[SourceTitle "CBM 178 Extra"]
[Source "ChessBase"]
[SourceDate "2017.06.22"]
[SourceVersion "1"]
[SourceVersionDate "2017.06.22"]
[SourceQuality "1"]

1. d4 d5 2. c4 e6 3. Nc3 Nf6 4. Bg5 c6 5. e3 Nbd7 6. Nf3 Be7 7. Rc1 b6 8. cxd5 cxd5 9. Nb5 0-0 10. Bd3 Bb7 11. Bf4 Ne4 12. Bxe4 dxe4 13. Nd2 Nf6 14. 0-0 Nd5 15. Bg3 Qd7 16. Nc7 Rac8 17. Nxd5 exd5 18. Qb3 Ba6 19. Rfe1 Qb5 20. Qxb5 Bxb5 21. a3 Bd3 22. f3 Bg5 23. f4 Be7 24. f5 Bc2 25. Kf2 Rc6 26. Nb1 Rfc8 27. Nc3 Bb3 28. Ke2 b5 29. Kd2 b4 30. axb4 Bxb4 31. Bf4 a5 32. Ra1 Bxc3+ 33. bxc3 Rxc3 34. Rec1 Rc2+ 35. Rxc2 Rxc2+ 36. Ke1 a4 37. g4 Rg2 38. Rc1 Bc4 39. h3 a3 40. Kd1 a2 41. Bd6 Rg1+ 0-1

[Event "GER-chT U10"]
[Site "Magdeburg"]
[Date "2016.12.28"]
[Round "5.1"]
[White "Pixa, Karl"]
[Black "Costa, Leonardo"]
[Result "0-1"]
[WhiteElo "1195"]
[BlackElo "1599"]
[PlyCount "105"]
[EventDate "2016.12.27"]
[EventType "team-swiss"]
[EventRounds "7"]
[EventCountry "GER"]
[SourceTitle "EXT 2018"]
[Source "ChessBase"]
[SourceDate "2017.10.13"]
[SourceVersion "1"]
[SourceVersionDate "2017.10.13"]
[SourceQuality "1"]
[WhiteTeam "Dresden Striesen"]
[BlackTeam "Muenchen Suedost"]
[WhiteTeamCountry "GER"]
[BlackTeamCountry "GER"]

1. d4 d5 2. c4 e6 3. Nc3 c5 4. e3 Nc6 5. Nf3 Nf6 6. Be2 Be7 7. Bd2 cxd4 8. exd4 dxc4 9. Be3 Nd5 10. Bxc4 Nxe3 11. fxe3 Bh4+ 12. g3 Bf6 13. Qe2 0-0 14. 0-0 Qe7 15. Rad1 Rd8 16. a3 h6 17. b4 a6 18. Qc2 g6 19. Kh1 Kg7 20. Kg1 e5 21. d5 Na7 22. Kh1 Bf5 23. e4 Bg4 24. Kg2 Qd7 25. Kg1 Rac8 26. Be2 Re8 27. Qd3 Qd6 28. Kh1 Bh3 29. Rf2 Bd8 30. Bf1 Bg4 31. h3 Bb6 32. Rh2 Bxf3+ 33. Qxf3 Bd4 34. Rc1 Qc7 35. Rhc2 Qe7 36. Be2 Qd7 37. Kh2 Nb5 38. Nxb5 Rxc2 39. Rxc2 axb5 40. Bd3 Rd8 41. Kg2 Qe8 42. Rc7 Rc8 43. Rxc8 Qxc8 44. Bxb5 Qc1 45. Qf1 Qxa3 46. Be8 f6 47. b5 Qb2+ 48. Kh1 Qc3 49. Qg2 Qc8 50. Bxg6 Kxg6 51. Kh2 Qc3 52. Qf1 Qd2+ 53. Kh1 0-1